| 000 | 00417nam a2200169 a 4500 | ||
|---|---|---|---|
| 001 | 0000-8583 | ||
| 003 | ELIB.Books | ||
| 008 | 110520 1969 | ||
| 035 | _a(ELIB.Books)0000-8729 | ||
| 082 |
_a570 _bHer |
||
| 100 | _aHerndon, James | ||
| 245 | _aThe Way It Spezed To be | ||
| 260 |
_bNew York: Bantam Books Inc. _c1969 |
||
| 650 | _aBiology | ||
| 942 |
_2ddc _cBK |
||
| 998 |
_cbat _e2011-05-20 |
||
| 999 |
_c8583 _d8583 |
||